| 000 | 00552nam a2200181Ia 4500 | ||
|---|---|---|---|
| 001 | 11375 | ||
| 005 | 20260306162823.0 | ||
| 008 | 260306t2024||||xx |||||||||||||| ||spa|| | ||
| 041 | _aESP | ||
| 082 |
_a985.04 _bCH562 |
||
| 100 |
_aChocano Mena, Magdalena, _eAUT |
||
| 245 | 0 |
_aInterpretaciones de la independencia del Perú hacia el primer centenario : _bde mediados del siglo XIX a inicios del siglo XX: antología de textos |
|
| 260 | _c2024 | ||
| 300 |
_a289 páginas : _c20 cm. |
||
| 650 | _aGEN | ||
| 654 | _aCHU | ||
| 942 |
_cLIB _dJUS _fJUS _2ddc _n |
||
| 999 |
_c11375 _d11375 |
||